Africa / (Record no. 8872)
[ view plain ]
| 000 -LEADER | |
|---|---|
| fixed length control field | 01447pam a2200421 a 4500 |
| 001 - CONTROL NUMBER | |
| control field | 669681 |
| 003 - CONTROL NUMBER IDENTIFIER | |
| control field | OSt |
| 005 - DATE AND TIME OF LATEST TRANSACTION | |
| control field | 20140310182046.0 |
| 008 - FIXED-LENGTH DATA ELEMENTS--GENERAL INFORMATION | |
| fixed length control field | 950111r19951994nyua j 001 0 eng |
| 010 ## - LIBRARY OF CONGRESS CONTROL NUMBER | |
| LC control number | 95002638 |
| 020 ## - INTERNATIONAL STANDARD BOOK NUMBER | |
| International Standard Book Number | 0679973346 (lib. bdg.) |
| 020 ## - INTERNATIONAL STANDARD BOOK NUMBER | |
| International Standard Book Number | 090808689X |
| 040 ## - CATALOGING SOURCE | |
| Original cataloging agency | DLC |
| Transcribing agency | DLC |
| Modifying agency | DLC |
| 042 ## - AUTHENTICATION CODE | |
| Authentication code | lcac |
| 043 ## - GEOGRAPHIC AREA CODE | |
| Geographic area code | f------ |
| 050 00 - LIBRARY OF CONGRESS CALL NUMBER | |
| Classification number | DT 22 |
| Item number | .C953 1995 |
| 082 00 - DEWEY DECIMAL CLASSIFICATION NUMBER | |
| Classification number | 960 |
| 100 1# - MAIN ENTRY--PERSONAL NAME | |
| Personal name | Crowther, Geoff |
| 9 (RLIN) | 11576 |
| 245 10 - TITLE STATEMENT | |
| Title | Africa / |
| Statement of responsibility, etc | Geoff Crowther |
| 250 ## - EDITION STATEMENT | |
| Edition statement | 1st American ed. |
| 260 ## - PUBLICATION, DISTRIBUTION, ETC. (IMPRINT) | |
| Place of publication, distribution, etc | New York : |
| Name of publisher, distributor, etc | Knopf : |
| -- | Distributed by Random House, |
| Date of publication, distribution, etc | 2000 |
| 300 ## - PHYSICAL DESCRIPTION | |
| Extent | 752 p. : |
| Other physical details | col. ill. ; |
| Dimensions | 29 cm. |
| 490 0# - SERIES STATEMENT | |
| Series statement | Eyewitness books |
| 500 ## - GENERAL NOTE | |
| General note | "A Dorling Kindersley book"--T.p. verso. |
| 500 ## - GENERAL NOTE | |
| General note | Includes index. |
| 651 #0 - SUBJECT ADDED ENTRY--GEOGRAPHIC NAME | |
| Geographic name | Africa |
| General subdivision | History |
| -- | Juvenile literature. |
| 9 (RLIN) | 11585 |
| 651 #0 - SUBJECT ADDED ENTRY--GEOGRAPHIC NAME | |
| Geographic name | Africa |
| General subdivision | Social life and customs |
| -- | Juvenile literature. |
| 9 (RLIN) | 11586 |
| 651 #1 - SUBJECT ADDED ENTRY--GEOGRAPHIC NAME | |
| Geographic name | Africa |
| General subdivision | History. |
| 9 (RLIN) | 11587 |
| 651 #1 - SUBJECT ADDED ENTRY--GEOGRAPHIC NAME | |
| Geographic name | Africa |
| General subdivision | Social life and customs. |
| 9 (RLIN) | 11588 |
| 700 1# - ADDED ENTRY--PERSONAL NAME | |
| Personal name | Moller, Ray, |
| Relator term | ill. |
| 9 (RLIN) | 11589 |
| 700 1# - ADDED ENTRY--PERSONAL NAME | |
| Personal name | Dann, Geoff, |
| Relator term | ill. |
| 9 (RLIN) | 11590 |
| 856 42 - ELECTRONIC LOCATION AND ACCESS | |
| Materials specified | Publisher description |
| Uniform Resource Identifier | <a href="http://www.loc.gov/catdir/description/random0410/95002638.html">http://www.loc.gov/catdir/description/random0410/95002638.html</a> |
| 906 ## - LOCAL DATA ELEMENT F, LDF (RLIN) | |
| a | 7 |
| b | cbc |
| c | orignew |
| d | 1 |
| e | ocip |
| f | 19 |
| g | y-gencatlg |
| 942 ## - ADDED ENTRY ELEMENTS (KOHA) | |
| Source of classification or shelving scheme | Library of Congress Classification |
| Koha item type | |
| Withdrawn status | Lost status | Source of classification or shelving scheme | Damaged status | Home library | Current library | Shelving location | Date acquired | Total Checkouts | Full call number | Barcode | Date last seen | Copy number | Price effective from | Koha item type |
|---|---|---|---|---|---|---|---|---|---|---|---|---|---|---|
| Library of Congress Classification | Luxembourg Library | Luxembourg Library | High School Section | 08/17/2013 | DT 22 .C953 1986 | 8982 | 01/06/2016 | 1 | 08/17/2013 | Books | ||||
| Library of Congress Classification | Luxembourg Library | Luxembourg Library | High School Section | 08/17/2013 | DT 22 .C953 1986 | 8981 | 01/06/2016 | 1 | 08/17/2013 | Books |